Investigación de mercados: un enfoque practico./ (Registro nro. 9207)

Detalles MARC
000 -LEADER
fixed length control field 02385nam a2200217Ia 4500
005 - FECHA Y HORA DE LA ÚLTIMA TRANSACCIÓN
control field 20250613090804.0
008 - FIXED-LENGTH DATA ELEMENTS--GENERAL INFORMATION
fixed length control field 230906s9999 xx 000 0 und d
020 ## - INTERNATIONAL STANDARD BOOK NUMBER
International Standard Book Number 968880844x
040 ## - CATALOGING SOURCE
Original cataloging agency UPAN
Transcribing agency Biblioteca San Vicente
Description conventions RCAA2
041 ## - LANGUAGE CODE
Language code of text/sound track or separate title spa
082 ## - DEWEY DECIMAL CLASSIFICATION NUMBER
Classification number 658.83
Item number M354i
año de publicación 2001
100 ## - MAIN ENTRY--PERSONAL NAME
Personal name Malhotra, Naresh K.
Relator code aut.
245 #0 - TITLE STATEMENT
Title Investigación de mercados: un enfoque practico./
Remainder of title Naresh K. Malhotra
250 ## - EDITION STATEMENT
Edition statement 2° ed.
260 ## - PUBLICATION, DISTRIBUTION, ETC. (IMPRINT)
Place of publication, distribution, etc México:
Name of publisher, distributor, etc Prentice Hall,
Date of publication, distribution, etc 1997
300 ## - PHYSICAL DESCRIPTION
Extent 890 p.;
Dimensions 26 cm.
505 ## - FORMATTED CONTENTS NOTE
Formatted contents note Parte I. Introducción y primeras fases de la investigación de mercados.<br/>Capitulo 1. Introducción a la investigación de mercados.<br/>Capitulo 2. Definición del problema de investigación de mercados y desarrollo de una propuesta.<br/>Parte II. Formulación del diseño de la investigación.<br/>Capitulo 3. Entorno a la investigación.<br/>Capitulo 4. Entorno a la investigación exploratoria: Datos secundarios.<br/>Capitulo 5. Entorno a la investigación exploratoria: Investigación cualitativa.<br/>Capitulo 6. Entorno a la investigación descriptiva: Encuestas y observación.<br/>Capitulo 7. Entorno a la investigación causal: Experimentación.<br/>Capitulo 8. Medición y escalas: Fundamentos y escalas comparativas.<br/>Capitulo 9. Medición y escalas: Técnicas de escalas no comparativas.<br/>Capitulo 10. Diseño de cuestionarios y formas.<br/>Capitulo 11. Muestreo: Diseño y procedimientos.<br/>Capitulo 12. Muestreo: Determinación del tamaño de la muestra inicial y final.<br/>Parte III. Recopilación.<br/>Capitulo 13. Trabajo de campo.<br/>Parte IV. Preparación y análisis de los datos.<br/>Capitulo 14. Preparación de los datos.<br/>Capitulo 15. Distribución de frecuencias, tabulación cruzada y prueba de hipótesis.<br/>Capitulo 16. Análisis de varianza y covarianza.<br/>Capitulo 17. Correlación y regresión.<br/>Capitulo 18. Análisis discriminante.<br/>Capitulo 19. Análisis factorial.<br/>Capitulo 20. Análisis de conglomerados.<br/>Capitulo 21. Escalas multidimensionales y análisis conjunto.<br/>Parte V. Comunicación del proyecto de investigación.<br/>Capitulo 22. Preparación y presentación del reporte.<br/>Parte VI. Dimensiones internacional y ética.<br/>Capitulo 23. Investigación de mercados internacionales.<br/>Capitulo 24. La ética en la investigación de mercados
650 ## - SUBJECT ADDED ENTRY--TOPICAL TERM
Source of heading or term LEMB
Topical term or geographic name as entry element Investigación
General subdivision Mercadeo
9 (RLIN) 3
700 ## - ADDED ENTRY--PERSONAL NAME
Personal name Verania de Pares Cárdenas
Relator code tr.
942 ## - ADDED ENTRY ELEMENTS (KOHA)
Koha item type Libros
Source of classification or shelving scheme Dewey Decimal Classification
Existencias
Withdrawn status Lost status Source of classification or shelving scheme Damaged status Not for loan Collection code Home library Current library Date acquired Total Checkouts Full call number Barcode Date last seen Copy number Price effective from Koha item type
    Dewey Decimal Classification     Colección General Biblioteca UPAN San Vicente Biblioteca UPAN San Vicente 06/09/2023   658.83 M354i 12001830 06/09/2023 01 06/09/2023 Libros